|
|
|
|
| LEADER |
00000cam a2200000 7i4500 |
| 001 |
0000001374 |
| 005 |
20010611.0 |
| 090 |
0 |
0 |
|a 577.68
|b RAM 1994
|
| 110 |
1 |
0 |
|a RAMSAR South-east Asia Regional Workshop
|k 994
|j Bogor, Indonesia
|
| 245 |
1 |
0 |
|a Priorities and institutional mechanisms for wetland protection and wise use in South-east Asia :
|b Proceedings of the Ramsar South-east Asia Regional Workshop, Bogor, Republic of Indonesia, 29th March-1st April 1994 / edited by R. D'Cruz & B. O'Callaghan
|
| 260 |
0 |
0 |
|a [Gland, Switzerland] :
|b Ramsar Bureau; [Bogor, Indonesia] :
|b PHPA; [Kuala Lumpur] :
|b Asian Wetland Bureau ,
|c 1994
|
| 300 |
|
|
|a 108 p. ;
|c 30 cm.
|
| 440 |
0 |
0 |
|a AWB publication; no. 107
|
| 650 |
0 |
0 |
|a Wetland conservation
|z Asia, Southeastern
|x Congresses
|
| 700 |
0 |
1 |
|a D'Cruz
|h R.
|
| 700 |
0 |
1 |
|a O'Callaghan
|h B.
|
| 998 |
|
|
|a JPSM
|
| 999 |
|
|
|a 0000000742
|b Monograph
|c Open Shelf
|e Default branch
|